Primer Ensayo sobre la población (Registro nro. 2953)

Detalles MARC
000 -CABECERA
Longitud fija campo de control 00708nam a2200241 a 4500
003 - • IDENTIFICADOR DELl NÚMERO DE CONTROL
Identificador del número de control CO-ViMGA
008 - • CÓDIGOS DE INFORMACIÓN DE LONGITUD FIJA
Códigos de información de longitud fija 141112s2004 ck r 000 u spa d
020 ## - • NÚMERO INTERNACIONAL NORMALIZADO PARA LIBROS
Número Internacional Normalizado para Libros (ISBN) 8420639842
040 ## - FUENTE DE LA CATALOGACIÓN
Centro catalogador de origen CO-ViMGA
Lengua de catalogación spa
Centro transcriptor CO-ViMGA
082 04 - • NÚMERO DE LA CLASIFICACIÓN DECIMAL DEWEY
Número de clasificación (R) 312 M157p
100 1# - • PUNTO DE ACCESO PRINCIPAL-NOMBRE DE PERSONA
Nombre de persona Malthus, Robert (1766 - 1834)
245 10 - • TITULO PROPIAMENTE DICHO
Título Primer Ensayo sobre la población
300 ## - • DESCRIPCIÓN FÍSICA
Extensión 318 p.
490 ## - • MENCIÓN DE SERIE
Mención de serie Economía - Alianza Editorial
500 ## - • NOTA GENERAL
Nota general Prólogo John Maynard Keynes.
590 ## - NOTAS LOCALES
Nota local Forma de adquisición : Premio Mincultura
650 14 - • PUNTO DE ACCESO ADICIONAL DE MATERIA - TÉRMINO DE MATERIA
Término de materia o nombre geográfico como elemento inicial CRECIMIENTO DEMOGRAFICO - POBREZA
650 14 - • PUNTO DE ACCESO ADICIONAL DE MATERIA - TÉRMINO DE MATERIA
Término de materia o nombre geográfico como elemento inicial DEMOGRAFIA
650 14 - • PUNTO DE ACCESO ADICIONAL DE MATERIA - TÉRMINO DE MATERIA
Término de materia o nombre geográfico como elemento inicial POBLACION
942 ## - ENTRADA DE ELEMENTOS AGREGADOS (KOHA)
Fuente de clasificaión o esquema Dewey Decimal Classification
Koha [por defecto] tipo de item LIbro
Existencias
Perdido Fuente de clasificación o esquema Estado Físico No para préstamo Forma de adquisición Localización permanente Localización actual Fecha adquisición Serie de enumeración / cronolog&íacute;a Préstamos totales Signatura completa Código de barras Fecha última consulta Número de copia Fecha del precio de reemplazo Tipo de item de Koha Localización en estanterías
  Dewey Decimal Classification     Sala Especializada Tercer Piso Biblioteca Pública Germán Arciniegas - Villavicencio Biblioteca Pública Germán Arciniegas - Villavicencio 12/04/2015 Volumen. 1 | 11/jun/2009   312 M157p. 19299 12/04/2015 Ej. 1 12/04/2015 LIbro  
  Dewey Decimal Classification     Sala Especializada Tercer Piso Biblioteca Pública Germán Arciniegas - Villavicencio Biblioteca Pública Germán Arciniegas - Villavicencio 12/04/2015 Volumen. 1 | 11/jun/2009   312 M157p 19456 12/04/2015 Ej. 1 12/04/2015 LIbro  
  Dewey Decimal Classification       Biblioteca Pública Rubí Ocampo Gaviria - La Julia - Uribe Biblioteca Pública Rubí Ocampo Gaviria - La Julia - Uribe 02/16/2026     304.6 M14P JUL00192 02/16/2026 Ej.1 02/16/2026 LIbro General









Instituto Departamental de Cultura del Meta - Red Departamental de Bibliotecas Públicas del Meta.